Décorations militaires et civiles françaises - Statistiques

Statistiques générales
  • Ce quiz a été pris 113 fois
  • Le résultat moyen est 9 sur 32
Statistiques - réponses
Par images Réponse % Correct
Ordre national de la Légion d'honneur
96%
Ordre national du Mérite
75%
Ordre de la Libération
65%
Croix de guerre 1939-1945
63%
Médaille militaire
47%
Croix du combattant
41%
Croix de la Valeur militaire
40%
Médaille de la défense nationale
35%
Ordre des Palmes Académiques
34%
Ordre du Mérite Agricole
34%
Médaille d'Outre-mer
27%
Ordre des Arts et des Lettres
27%
Médaille de la famille
25%
Médaille de l'Aéronautique
24%
Médaille de la Gendarmerie nationale
24%
Médaille d'honneur de la police nationale
19%
Médaille d'honneur des sapeurs-pompiers
19%
Médaille de reconnaissance de la Nation
18%
Médaille des blessés de guerre
18%
Croix du combattant volontaire
17%
Ordre du Mérite maritime
17%
Médaille interalliée
14%
Médaille des Évadés
13%
Médaille de la protection militaire du territoire
12%
Croix du combattant volontaire de la Résistance
11%
Médaille d'honneur du travail
11%
Médaille de la Sécurité Intérieure
8%
Médaille d'honneur pour acte de courage et de dévouement
7%
Médaille de la Résistance française
6%
Médaille de la Reconnaissance française
4%
Médaille d'honneur de l'aéronautique
4%
Médaille de la France Libérée
2%
Aucun quiz correspondant
Distribution des résultats
% des personnes avec chaque résultat
Percentile par nombre de réponses
Votre historique - résultats
Vous n’avez pas pris ce quiz